Trace the Ferdinand Magellan Expedition on a Map! - Statistics

General Stats
  • This quiz has been taken 5,581 times
  • The average score is 11 of 17
Answers on the Map
Answers color-coded by a green-red scale on the quiz's map according to % correct below.
 
Answer Stats
Country/Territory % Correct
Spain
100%
Argentina
93%
Brazil
93%
Canary Islands (Spain)
92%
Chile
64%
Philippines
57%
Kiribati
56%
Indonesia
54%
Brunei
52%
South Africa
52%
Uruguay
52%
Malaysia
51%
Cape Verde
50%
East Timor
50%
French Polynesia (France)
50%
Spain
50%
Guam (United States)
47%
No matching quizzes found
Score Distribution
Percent of People with Each Score
Percentile by Number Answered
Your Score History
You have not taken this quiz